Zsoltár. [Vers]
Elmentve itt :
| Szerző: | |
|---|---|
| Dokumentumtípus: | Cikk |
| Megjelent: |
1982-01-09
|
| Sorozat: | Délmagyarország
72 No. 7 |
| Online Access: | http://dmarchiv.bibl.u-szeged.hu/96987 |
| LEADER | 00399nab a2200145 i 4500 | ||
|---|---|---|---|
| 001 | delm96987 | ||
| 005 | 20190625094839.0 | ||
| 008 | 190625s1982 hu o 0|| hun d | ||
| 040 | |a SZTE Délmagyarország Archívum |b hun | ||
| 041 | |a hun | ||
| 100 | 1 | |a Lődi Ferenc | |
| 245 | 1 | 0 | |a Zsoltár. [Vers] |h [elektronikus dokumentum] / |c Lődi Ferenc |
| 260 | |c 1982-01-09 | ||
| 300 | |a 6 | ||
| 490 | 0 | |a Délmagyarország |v 72 No. 7 | |